000 00886nam a2200301 i 4500
001 768714001
003 CO-MdFUSB
005 20230828094433.0
007 ta
008 230329t2001 -us |||| |||| 00| 0 spa d
020 _q[No incluye ISBN]
040 _aCO-MdFUSB
_bspa
_cCO-MdFUSB
_dCO-MdFUSBC
_erda
041 _aspa
082 _223
_a220
_bB582
110 _aLa Liga Bíblica,
245 _aBiblia devocional de estudio
_b: Nuevo Testamento.
_c/ La Liga Bíblica
264 1 _aIllinois, Estados Unidos :
_bLa Liga Bíblica,
_c[2001]
264 4 _c© 2001
300 _a391 páginas
_c; 21 cm
336 _2rdacontent
_atexto
_btxt
337 _2rdamedia
_asin mediación
_bn
338 _2rdacarrier
_avolumen
_bnc
505 _aBiblia devocional de estudio Nuevo Testamento
563 _aRústico
630 0 7 _aBiblia.
_pNuevo Testamento
942 _cBK
945 _aJTF-925
999 _c68653
_d68653